| 000 | 00691nam a22001817a 4500 | ||
|---|---|---|---|
| 005 | 20100508105645.0 | ||
| 008 | 100508t xxu||||| |||| 00| 0 eng d | ||
| 020 | _c130.00 | ||
| 037 | _bPansy Books | ||
| 040 |
_adpl _bEnglish |
||
| 245 | _a50 Fabulous ways to decorate your garden | ||
| 246 | _aFifty fabulous ways to decorate your garden | ||
| 260 |
_aLondon _bHermes House _c2007 |
||
| 300 |
_ap. _ccm. |
||
| 942 |
_2ddc _cEN _mFIF |
||
| 999 |
_c35810 _d35810 |
||